| 000 | 00550nam a2200145Ia 4500 | ||
|---|---|---|---|
| 008 | 090124s9999 xx 000 0 und d | ||
| 082 | _b34293 | ||
| 245 | _a मुलाखत आणि शब्दांकन ( मुलाखती ) | ||
| 250 | _a1 | ||
| 260 |
_bपचिंदे श्रीराम ग. _c2007 |
||
| 300 | _a196 | ||
| 630 | _a मुलाखत आणि शब्दांकन ( मुलाखती ) | ||
| 730 | _a मुलाखत आणि शब्दांकन ( मुलाखती ) | ||
| 942 | _cBOOK | ||
| 999 |
_c198240 _d198240 |
||